Tragedies.
Đã lưu trong:
| Tác giả chính: | |
|---|---|
| Định dạng: | Sách |
| Được phát hành: |
London, United Kingdom:
J.M. Dent & Sons
1906.
New York, USA: E.P. Dutton & Co. Inc., |
| Phiên bản: | First published in this edition. |
| Loạt: | Everyman's Library. Poetry & The Drama,
|
| Những chủ đề: | |
| Các nhãn: |
Thêm thẻ
Không có thẻ, Là người đầu tiên thẻ bản ghi này!
|
MARC
| LEADER | 00000nam a22000007a 4500 | ||
|---|---|---|---|
| 003 | CL-VaPUC | ||
| 005 | 20230718090239.0 | ||
| 008 | 230622t1906 ||||| |||| 00| 0 eng d | ||
| 999 | |c 441230 |d 441228 | ||
| 040 | |c Pontificia Universidad Católica de Valparaíso | ||
| 082 | 0 | 4 | |2 21 |a 822 SHA 1906 |
| 100 | 1 | |a Shakespeare, William |9 580095 |e author | |
| 245 | 1 | 0 | |a Tragedies. |
| 250 | |a First published in this edition. | ||
| 260 | |a London, United Kingdom: |b J.M. Dent & Sons | ||
| 260 | |a New York, USA: |b E.P. Dutton & Co. Inc., |c 1906. | ||
| 300 | |a 981 páginas. | ||
| 490 | 0 | |a Everyman's Library. Poetry & The Drama, |n 155. | |
| 500 | |a c.1 Donación Marianne Oesterle. Memo EDU 8-06-2023 | ||
| 583 | |c 20230622 |k Catalogador Asistente | ||
| 650 | 0 | |a Teatro inglés |9 265744 | |
| 650 | 1 | |a Poesías inglesas |9 265094 | |
| 650 | 1 | |a Dramas ingleses |9 269396 | |
| 650 | 1 | |a Tragedias inglesas |9 375348 | |
| 942 | |2 ddc |c BK | ||
| 952 | |0 0 |1 0 |2 ddc |4 0 |6 822_000000000000000_SHA_1906 |7 0 |8 A |9 590550 |a BIBEDU |b BIBEDU |c GEN |d 2023-06-22 |e Donación |i 5656688 |l 1 |o 822 SHA 1906 |p 5656688 |r 2024-11-20 |s 2024-11-13 |t 1 |w 2023-06-22 |y BK |k CIT | ||